MDQL
is popping MORE tags! Check the
thread
!
Quizzes
Events
Quiz Creation
Community
Videos
Private Events
Remove Ads
Sign In
Join for FREE
Feedback
Dark Mode
Quiz Categories
Sports
Geography
Music
Movies
Television
Just For Fun
Miscellaneous
History
Literature
Language
Science
Gaming
Entertainment
Religion
Holiday
For Kids
Quiz Lab
Recent
Popular Today
Quiz Kudos Today
Editor Picks
Curator Picks
Quizzes by...
Day
Popularity
Type
Ratings
Length
Year
Community
Subscriptions
Recent Discussions
Orange Saloon
Badges
Playlists
Quests
Create
Leaderboards
Showdown
Live 5
Trivia Bingo
Activity
Puzzle Library
Sporcle Events
Private Events
Virtual Trivia
Globe League
Become a Host
Pub Owners
SporcleCon
Opinionation
Our Games
Videos
Blog
Mobile Apps
Partnerships
Remove Ads and Go Orange
Feedback
Entertainment
Celebrity
Famous
Musical
Broadway
Show
Quote
Comic Books
Anime
Superhero
DC Comics
Marvel
Cartoons
Animation
Entertainment
Celebrity
Famous
Musical
Broadway
Show
Quote
Comic Books
Anime
Superhero
DC Comics
Marvel
Cartoons
Animation
Random Quiz
Search Sporcle
×
Quiz Lab
Quiz Lab
Entertainment
Anime
Type in answers that appear in a list
Type in answers that appear in a list
Classic
Best Score? Go Orange.
Spring 2011 Anime by Opening Stats
Can you name the Spring 2011 Anime by Opening?
By
Torisunanohokori
9m
32 Questions
248 Plays
248 Plays
248 Plays
Comments
Comments
Give Quiz Kudos
Give Quiz Kudos
-
- Ratings
hide this ad
Replay
Link that replays current quiz
Next Quiz
Link to next quiz in quiz playlist
You Got
0%
They Got
Avg Score
22%
Avg Friend Score
Upgrade to see
Score Distribution
Jump to the score distribution portion of the page
Score
0/32
Timer
09:00
0
Plays Today
Time
Anime
% Correct
2:07-
2:14
Stein's Gate
71.8%
0:00-
0:03
Ao no Exorcist
71%
2:49-
2:55
Deadman Wonderland
52.8%
2:19-
2:31
Ano Hi Mita Hana no Namae wo Bokutachi wa Mada Shiranai
50%
1:57-
2:07
Hanasaku Iroha
41.1%
2:14-
2:19
Nichijou
38.3%
3:40-
3:47
Hidan no Aria
36.7%
0:30-
0:37
Denpa Onna to Seishun Otoko
30.2%
3:00-
3:12
Gintama'
29%
1:26-
1:37
Toriko
26.6%
3:47-
3:53
The World God Only Knows II
25%
0:37-
0:44
Sekai-Ichi Hatsukoi
24.6%
3:12-
3:19
Sket Dance
23.4%
3:58-
4:01
Tiger & Bunny
23%
0:44-
0:56
C: Control
19.4%
1:18-
1:26
A Channel
18.5%
Time
Anime
% Correct
0:18-
0:24
Maria Holic Alive
14.5%
0:24-
0:30
Lotte's Toy
14.5%
0:13-
0:18
Hoshizora e Kakaru Hashi
12.5%
2:38-
2:49
Tobaku Hakairoku Kaiji
12.5%
0:56-
1:03
Moshidora
11.7%
2:31-
2:38
Sengoku Otome: Momoiro Paradox
8.1%
3:19-
3:25
Oretachi ni wa Tsubasa wa Nai
7.7%
3:53-
3:58
Softenni
6%
1:03-
1:10
Pretty Rhythm Aurora Dream
6%
1:37-
1:47
Seikon no Qwaser II
5.6%
2:55-
3:00
Hen Zemi
5.2%
0:03-
0:13
X-men
4.8%
3:25-
3:33
30-sai Hoken Taiiku
4.8%
3:33-
3:40
Dororon Enma-kun Meramera
4%
1:10-
1:18
Hyouge Mono
3.6%
1:47-
1:57
Showa Monogatari
1.2%
Quiz Playlist
Details
Report
Send in Message
Add To Playlist
Classic:
Type in answers that appear in a list
Quiz Source
Last Updated: Feb 16, 2017
Quiz Scoreboard
CHALLENGE
Sign Up to Join the Scoreboard
Show All
Scores
Hide
Comments
May contain spoilers
Recently Published
Holiday 10x10 Sorting Gallery
by lukepisani3
Holiday
15m
Two Season TV Shows II
by 123Four
Television
10m
Image Sorting: Flags VI
by Barbecue
Geography
2m
More to Explore
Quiz From the Vault
Featured Blog Post
14 Easter Pick-up Lines to Find Eggs With
hide this ad
You Might Also Like...
Tags
Anime Quiz
Anime Music
Today's Top Quizzes in Entertainment
Browse Entertainment
hide this ad
Today's Top Quizzes in Anime
Browse Anime
Top Contributed Quizzes in Entertainment
1
Marvel Classic Character Map
2
Movie-Themed Roller Coasters
3
Dragon Ball Z: Goku's Fights in Order
4
Marvel Characters Bunker
5
Sorting Pictures: Villains
6
Who stole Onew's chicken? (KPOP LOGIC QUIZ)
7
Haikyuu Logic Quiz
8
Celebrity Spelling Bee
9
JoJo's Bizarre Logic Quiz
10
Image Sorting: Anime
Explore More
Trending Topics
Kpop
Crossword
Marvel
Anime
Disney
NBA
Harry Potter
Song
The Office
NFL
Soccer
Country
Puzzle
WWE
Pokémon
hide this ad
More By:
Torisunanohokori
Quiz
Plays
Rating
Category
Featured
Created
Anime OPs
1,090
3.64
Entertainment
May 19, 2010
Current Shonen Jump Manga by Author
890
5.00
Entertainment
May 18, 2010
Anime Studios by Works
732
3.67
Entertainment
Nov 6, 2011
Winter 2011 Anime by Opening
411
4.00
Entertainment
Jan 18, 2011
Summer 2011 Anime by Opening
317
Entertainment
Jul 24, 2011
Go to Creator's Profile
Score Distribution
Quiz Creator Spotlight
Torisunanohokori
Follow
Send a Message
Quizzes Created
-
Created Quiz Play Count
-
More By This Creator
Popular Quizzes Today
1
Find the US States - No Outlines Minefield
2
Colored Red Africa Blitz
3
Find the 'City' Movie
4
The Countries of the World
5
5x2 Blitz: Bands
6
Find the US States
7
Find the Countries of Europe - No Outlines Minefield
8
US States
More Entertainment Quizzes
Pick 4 - 'C' Actors
Quiz Lab
Trending Quizzes
Colored Red Europe Blitz I
Colored Red Europe Blitz II
Colored Red Africa Blitz II
Colored Red Europe Blitz III
Colored Red Africa Blitz III
Recently Updated
Odd Team Out - Big 4 Players
pecheneg
Quick Pick: 20 Twenties
pecheneg
March Madness Men's Triple Doubles
pecheneg
How Do You Spell That?
pecheneg
Godzilla Movies
pecheneg
Grab Bag: 4-10 Letters
pecheneg
2024 March Madness Bracket
pecheneg
Famous TV Couples
Peacemaker
Champions League XIs: Real Madrid
pecheneg
Largest US Cities 1790-2010
pecheneg
Trending Topics
Harry Potter
Crossword
Disney
Kpop
NBA
Marvel
Anime
Song
Pokémon
WWE
The Office
Soccer
Country
Puzzle
NFL
Your Account Isn't Verified!
In order to create a playlist on Sporcle, you need to verify the email address you used during registration. Go to your
Sporcle Settings
to finish the process.
Report this User
Report this user for behavior that violates our
Community Guidelines
.
Details:
Send Report
Go to the Sporcle.com Mobile Site →
Comments